| Поле | Инд. | ПП | Название | Значение |
|---|---|---|---|---|
| Тип записи | a | |||
| Библиографический уровень | b | |||
| 001 | Контрольный номер | RU/IS/BASE/216994247 | ||
| 005 | Дата корректировки | 20200522191047.4 | ||
| 008 | Кодируемые данные | 20061116 | ||
| 040 | b | Код языка каталог. | rus | |
| e | Правила каталог. | PSBO | ||
| 041 | 0_ | a | Код языка текста | rus |
| 084 | a | Индекс другой классификации/Индекс ББК | 67.401(2Рос); 67.402.2(2Рос); 67.404(2Рос) | |
| 100 | 1_ | a | Автор | Акрамовская А. |
| 245 | 10 | a | Заглавие | Благотворительность по закону |
| b | Продолж. заглавия | Правовое регулирование благотворительной деятельности в России | ||
| 650 | a | Основная рубрика | административное право | |
| a | Основная рубрика | гражданское право | ||
| a | Основная рубрика | налоговое право | ||
| a | Основная рубрика | право | ||
| a | Основная рубрика | финансовое право | ||
| 653 | 1_ | a | Ключевые слова | благотворительная деятельность |
| a | Ключевые слова | меценатство | ||
| a | Ключевые слова | налоговые льготы | ||
| a | Ключевые слова | Россия | ||
| a | Ключевые слова | филантропия | ||
| 773 | 0_ | t | Заглавие источника | Библиотечное дело |
| d | Дата издания источника | 2006 | ||
| g | Прочая информация | № 08 (44). - С. 2 - 4 | ||
| w | Контрольный № источника | RU/IS/BASE/213718778 | ||
| 901 | t | Тип документа | b |